El análisis de protocolos de recuerdo libre : problemas metodológicos e implicaciones educativas / Juan L. Luque...[et al.] (Record no. 62394)

MARC details
000 -CABECERA
campo de control de longitud fija 00681nam a2200217 a 4500
005 - FECHA Y HORA DE LA ÚLTIMA TRANSACCIÓN
campo de control 20210219152850.0
008 - ELEMENTOS DE LONGITUD FIJA--INFORMACIÓN GENERAL
campo de control de longitud fija 991125n 000 0 spa u
035 ## - NÚMERO DE CONTROL DEL SISTEMA
Número de control de sistema UPN01000064039
222 #0 - TÍTULO CLAVE
Título clave REVISTA DE PSICOLOGIA GENERAL Y APLICADA
245 #3 - MENCIÓN DE TÍTULO
Título El análisis de protocolos de recuerdo libre : problemas metodológicos e implicaciones educativas / Juan L. Luque...[et al.]
260 ## - PUBLICACIÓN, DISTRIBUCIÓN, ETC.
Lugar de publicación, distribución, etc. Madrid, España
300 ## - DESCRIPCIÓN FÍSICA
Extensión 321-336
362 ## - FECHAS DE PUBLICACIÓN Y/O DESIGNACIÓN SECUENCIAL
Fecha de publicación y/o designación secuencial 1996 Vol. 49, no. 2, (abr.)
653 0# - TERMINO DE INDIZACION - NO CONTROLADO
Término no controlado MEMORIA
653 0# - TERMINO DE INDIZACION - NO CONTROLADO
Término no controlado COMPRENSION LECTORA
653 0# - TERMINO DE INDIZACION - NO CONTROLADO
Término no controlado ESQUEMAS COGNOSCITIVOS
653 0# - TERMINO DE INDIZACION - NO CONTROLADO
Término no controlado LECTURA
700 ## - ASIENTO SECUNDARIO--NOMBRE DE PERSONAL
Nombre de persona LUQUE, Juan L., coaut.
904 ## - ELEMENTOS DE DATOS D LOCAL, LDD (RLIN)
a AC
b 001850
905 ## - TIPO DE MATERIAL
Tipo de material Articulo

No items available.